Islam Ka Siyasi Nizam : / اسلام کا سیاسی نظام (Record no. 26056)

MARC details
000 -LEADER
fixed length control field 00554nam a22001817a 4500
003 - CONTROL NUMBER IDENTIFIER
control field BDDh-ASL
005 - DATE AND TIME OF LATEST TRANSACTION
control field 20231015030607.0
008 - FIXED-LENGTH DATA ELEMENTS--GENERAL INFORMATION
fixed length control field 210924s1958 i ||||| |||| 00| 0 u d
040 ## - CATALOGING SOURCE
Original cataloging agency BDDh-ASL
Transcribing agency BDDh-ASL
082 ## - DEWEY DECIMAL CLASSIFICATION NUMBER
Classification number 297.266
Item number SII
100 1# - MAIN ENTRY--PERSONAL NAME
9 (RLIN) 4570
Personal name Sindilavi, Mawlana Muhammad Ishaq
245 10 - TITLE STATEMENT
Title Islam Ka Siyasi Nizam : / اسلام کا سیاسی نظام
246 ## - VARYING FORM OF TITLE
Title proper/short title Islam Ka Siyasi Nizam
260 ## - PUBLICATION, DISTRIBUTION, ETC.
Place of publication, distribution, etc. Azamgarh :
Name of publisher, distributor, etc. Marif Press ,
Date of publication, distribution, etc. 1376H./ 1958.
300 ## - PHYSICAL DESCRIPTION
Extent 311 p. :
Dimensions 25 cm.
650 #0 - SUBJECT ADDED ENTRY--TOPICAL TERM
9 (RLIN) 1652
Topical term or geographic name entry element Islam
General subdivision Politics
942 ## - ADDED ENTRY ELEMENTS (KOHA)
Source of classification or shelving scheme Dewey Decimal Classification
Koha item type Books
Holdings
Withdrawn status Lost status Source of classification or shelving scheme Damaged status Not for loan Collection code Home library Current library Shelving location Date acquired Source of acquisition Serial Enumeration / chronology Total Checkouts Full call number Barcode Date last seen Copy number Price effective from Koha item type
    Dewey Decimal Classification     Non-fiction Asiatic Society Library Asiatic Society Library General Stacks 09/24/2021 ASB Library Collection U-0074   297.266 SII 111989 09/24/2021 C-1 09/24/2021 Books

Powered by Koha